000 00702nam a2200253Ia 4500
003 OSt
005 20220918165905.0
006 a|||||r|||| 00| 0
007 ta
008 220917b |||||||| |||| 00| 0 eng d
020 _a8178241684 (pbk)
024 _a232,983
037 _cTextual
040 _aARTS
_cARTS
_beng
041 _2eng
_aeng
082 _aQ.20m3, P1
100 _aVan Der Veer Peter
_914259
245 0 _aImperial encounters
_b religion and modernity in India and Britain
260 _aDelhi
_bPermanent Black India
_c2001
300 _ax,205p.
_ccm.
650 _aRELIGION
942 _hQ.20m3, P1
_cTEXL
_2CC
999 _c131569
_d131569